| 000 | 01618cam a2200361 i 4500 | ||
|---|---|---|---|
| 999 |
_c6924 _d6924 |
||
| 001 | 17771589 | ||
| 003 | GZU | ||
| 005 | 20210503154510.0 | ||
| 008 | 130610t20152015mau a b 001 0 eng | ||
| 010 | _a 2013022717 | ||
| 020 | _a129214630 | ||
| 020 | _a9781292056555 | ||
| 020 | _a0133507645 (hardcover) | ||
| 040 |
_aDLC _beng _cDLC _erda _dDLC |
||
| 042 | _apcc | ||
| 050 | 0 | 0 |
_aHD58.7 _b.ROB 2017 |
| 100 | 1 |
_aRobbins, Stephen P., _d1943- _eauthor |
|
| 245 | 1 | 0 |
_aOrganizational behavior / _cStephen P . Robbins, Timothy A . Judge |
| 250 | _a17th edition. | ||
| 264 | 1 |
_aBoston : _bPearson, _c[2017] |
|
| 264 | 4 | _c©2017 | |
| 300 |
_a739pages : _bill. (col.) ; _c28 cm |
||
| 336 |
_atext _2rdacontent |
||
| 337 |
_aunmediated _2rdamedia |
||
| 338 |
_avolume _2rdacarrier |
||
| 500 | _aIncludes indexes. | ||
| 504 | _aIncludes bibliographical references. | ||
| 505 | 0 | _aWhat is organizational behavior? -- Diversity in organizations -- Attitudes and job satisfaction -- Emotions and moods -- Personality and values -- Perception and individual decision making -- Motivation concepts -- Motivation : from concepts to applications -- Foundations of group behavior -- Understanding work teams -- Communication -- Leadership -- Power and politics -- Conflict and negotiation -- Foundations of organization structure -- Organizational culture -- Human resource policies and practices -- Organizational change and stress management. | |
| 650 | 0 | _aOrganizational behavior. | |
| 700 | 1 |
_aJudge, Tim. _eauthor |
|
| 906 |
_a7 _bcbc _corignew _d1 _eecip _f20 _gy-gencatlg |
||
| 942 |
_2lcc _cBK _e17th ed. _h58.7 _iROB _kHD |
||